Marketing 5.0 : (Registro nro. 22149)
[ vista simple ]
| 000 -Cabecera | |
|---|---|
| Campo de control interno | 01240nam a22002897a 4500 |
| 005 - Fecha y hora del registro | |
| control field | 20260331151724.0 |
| 008 - Elementos de Longitud Fija | |
| fixed length control field | 260330b |||||||| |||| 00| 0 spa d |
| 020 ## - ISBN | |
| ISBN | 9788418709876 |
| 041 ## - Idioma | |
| Codigo Idioma | ESP |
| 082 ## - DEWEY y NOTACIÓN INTERNA | |
| Dewey | 658.8 |
| Notación Interna | K468M |
| 100 ## - AUTOR | |
| Autor denominación | Kotler, Philip |
| Término de relación | autor |
| 245 ## - TÍTULO DE MATERIAL BIBLIOGRÁFICO | |
| Título | Marketing 5.0 : |
| Título paralelo | tecnología para la humanidad |
| 250 ## - EDICIÓN | |
| Edición | Segunda edición |
| 260 ## - CIUDAD, EDITORIAL, AÑO | |
| Ciudad | Madrid : |
| Nombre de la Editorial | LID Editorial, |
| Año | 2023 |
| 300 ## - DESCRIPCIÓN | |
| N° Páginas | 214 páginas : |
| Otros detalles | figuras ; |
| Dimensiones | 22 cm. |
| 440 ## - MENCIÓN DE SERIE | |
| Título de la Serie | ; |
| 650 ## - TEMAS | |
| Temas | Tecnología (Ciencias Aplicadas) |
| 653 ## - DESCRIPTORES | |
| Lenguajes no controlado | Administración; Gerencia de mercadeo; Marketing |
| 654 ## - PROGRAMAS | |
| Programa | Dpto. de Administración de Negocios |
| 700 ## - OTROS AUTORES | |
| Otros autores | Kartajaya, Hermawan, |
| Termino Relacionado | autor |
| 700 ## - OTROS AUTORES | |
| Otros autores | Setiawan, Iwan, |
| Termino Relacionado | autor |
| 856 ## - URL - UBICACIÓN | |
| URI/URL: Enlace exacto del recurso | <a href="https://0u213utzc-y-https-ebooks7--24-com.itmsp.museknowledge.com/visorEpub.aspx?i=6261&t=AC9C4D3C-795D-4B24-9E08-B4C5B938F7C1">https://0u213utzc-y-https-ebooks7--24-com.itmsp.museknowledge.com/visorEpub.aspx?i=6261&t=AC9C4D3C-795D-4B24-9E08-B4C5B938F7C1</a> |
| Nota pública: Versión digital | <a href="Véase además: Marketing, por Kerin, Roger A. y Hartley, Steven W. Versión digital">Véase además: Marketing, por Kerin, Roger A. y Hartley, Steven W. Versión digital</a> |
| 856 ## - URL - UBICACIÓN | |
| URI/URL: Enlace exacto del recurso | <a href="https://0u213utzc-y-https-ebooks7--24-com.itmsp.museknowledge.com/biblioteca.aspx">https://0u213utzc-y-https-ebooks7--24-com.itmsp.museknowledge.com/biblioteca.aspx</a> |
| Nota pública: Versión digital | <a href="Véase además: Base de datos Ebook7-24">Véase además: Base de datos Ebook7-24</a> |
| 856 ## - URL - UBICACIÓN | |
| URI/URL: Enlace exacto del recurso | <a href="https://0u21duu1h-y-https-ebooks-editorialmacro-com.itmsp.museknowledge.com/library/search/marketing%205.0">https://0u21duu1h-y-https-ebooks-editorialmacro-com.itmsp.museknowledge.com/library/search/marketing%205.0</a> |
| Nota pública: Versión digital | <a href="Véase además: Base de datos Macro Digital">Véase además: Base de datos Macro Digital</a> |
| 942 ## - ELEMENTOS DE KOHA | |
| Tipo de documento | Libro |
| Nombre del creador | Justo Noguera |
| Código de catalogador | Justo Noguera |
| Suppress in OPAC | No |
| Esquema de clasificación | Dewey Decimal Classification |
| Codigo completo | Registro | Colección | Copia número | Disponibilidad | Tipo de préstamo | Biblioteca Actual | Procedencia (Biblioteca) | Ubicacón | Fecha Ingreso | Tipo de Adquisición | Observación | Date last seen | Total checkouts | Price effective from | Tipo de Item | Estado del Material | Fuente de Clasificación | Damaged status | Withdrawn status |
|---|---|---|---|---|---|---|---|---|---|---|---|---|---|---|---|---|---|---|---|
| 658.8 K468M | 1088242 | Universidad Católica San Pablo | 1 | No disponible | Proceso | Víctor Andrés Belaunde | Víctor Andrés Belaunde | Primer piso | 30/03/2026 | Compra | Administración de negocios | 30/03/2026 | 30/03/2026 | Libro | Bueno | Dewey Decimal Classification | Withdrawn |




